| 000 | 01773cam a22004814i 4500 | ||
|---|---|---|---|
| 003 | PE-LiUPU | ||
| 005 | 20250731173514.0 | ||
| 008 | 150616s r 000 0 d | ||
| 020 | _a0664220444 | ||
| 035 | _a(Sirsi) i9780664220440 | ||
| 040 |
_aPE-LiUPU _bspa _cPE-LiUPU _erda |
||
| 049 | _aPRUA | ||
| 082 | 0 | 4 |
_a221.6092 _bP89 _221 |
| 100 | 1 |
_aPuckett, David L., _eautor. |
|
| 245 | 1 | 0 |
_aJohn Calvin's Exegesis of the Old Testament / _cDavid L. Puckett. |
| 264 | 1 |
_aLouisville, Kentucky : _bWestminster John Knox Press, _c1992. |
|
| 300 |
_a179 páginas ; _c23 centímetros |
||
| 336 |
_atext _2rdacontent |
||
| 337 |
_aunmediated _2rdamedia |
||
| 338 |
_avolume _2rdacarrier |
||
| 490 | 0 | _aColumbia Series in Reformed Theology | |
| 504 | _aBibliografía: páginas 153-170. | ||
| 505 | 0 | _aThe Exegetical Continuum.- Two Presuppositions of Calvin's Exegesis.- The "Jewish" Appearance of Calvin's Exegesis.-The "Christian" Character of Calvin's Exegesis.- Calvin's Exegetical Via Media. | |
| 526 | _aSEG42 | ||
| 526 | _aSEG41 | ||
| 526 | _aSEG40 | ||
| 526 | _aSEG39 | ||
| 526 | _aP94 | ||
| 526 | _aP87 | ||
| 526 | _aP86 | ||
| 526 | _aP85 | ||
| 526 | _aP77 | ||
| 526 | _aP76 | ||
| 526 | _aP35 | ||
| 630 |
_aBiblia. _pA.T. _xCrítica, interpretación, etc. |
||
| 910 |
_ajck _bjvq _cjck |
||
| 942 |
_2ddc _cBOOK |
||
| 949 |
_a221.6092 P89 _wDEWEY _c1 _i41405 _lCCODEBUL1 _mBUL _r0 _sY _tBOOK _u2015-6-16 _xTEOLOGIA _zUNKNOWN _0COMPRA _o.STAFF. Colección General |
||
| 994 |
_aC0 _bPEPRU |
||
| 596 | _a1 | ||
| 999 |
_a221.6092 P89 _wDEWEY _c59072 _i41405 _f2021-11-9 _g5 _lCCODEBUL1 _mBUL _r0 _sY _tBOOK _u2015-6-16 _xTEOLOGIA _zUNKNOWN _0COMPRA _o.STAFF. Colección General _d59072 |
||
| 980 |
_81 _gALBERTO SANCHEZ Responsable de Automatización |
||